| 000 | 00922nam a2200265 a 4500 | ||
|---|---|---|---|
| 003 | BLK | ||
| 005 | 20250714101339.0 | ||
| 007 | ta | ||
| 008 | 221104b bu |||||r|||| 00| | bu d | ||
| 020 | _a9789542849391 | ||
| 040 | _aBLK | ||
| 041 |
_aBUL _cBUL |
||
| 080 |
_9226698 _aАмериканска литература (на САЩ) _b821.111(73) _x-31 _z821.111(73)-31 |
||
| 084 | _aХ 96 | ||
| 100 |
_9497696 _aХънтър, Алис |
||
| 245 |
_aСъпругата на серийния убиец _cАлис Хънтър; прев. от англ. Снежана Ташева |
||
| 260 |
_9217021 _aСофия _bСиела Норма _c2025 |
||
| 300 |
_a404 с. _c21 см |
||
| 380 | _aX | ||
| 700 | 1 |
_9128091 _aТашева, Снежана Ташева |
|
| 856 |
_i0.00 _ldisable |
||
| 942 |
_cKNG _n0 _047 |
||
| 944 |
_cНора Радева _k30570 _a30545 _lМоника Янева |
||
| 999 |
_c528917 _d528917 |
||
| 999 | _d498571 | ||